000 00701nam a2200181Ia 4500
008 090124s9999 xx 000 0 und d
082 _b28332
100 _aकोलारकर डॉ. श. गो.
245 _a भारताचा इतिहास (इ. स. 1605 ते 1947)
250 _a1
260 _bश्री. मंगेश प्रकाशन
_c1984
300 _a325
600 _aकोलारकर डॉ. श. गो.
630 _a भारताचा इतिहास (इ. स. 1605 ते 1947)
700 _aकोलारकर डॉ. श. गो.
730 _a भारताचा इतिहास (इ. स. 1605 ते 1947)
942 _cBOOK
999 _c96722
_d96722